000 02105nam a2200277 a 4500
001 18298284
008 170322s2015 ||||||||||||||||| || u
010 _a2014951038
020 _a9781446294468
020 _a9781446294475 (pbk.)
050 _aBF 201 Eys
100 _aEysenck, Michael W
245 1 0 _aCognitive psychology : revisiting the classic studies
_cedited by Michael W. Eysenck & David Groome
_h[unmediated]
246 _aCognitive psychology (Eysenck)
260 _aLos Angeles
_bSAGE Publications
_c2015
300 _axi, 210 pages
350 _a36.00
490 _aPsychology: revisiting the classic studies
520 _aRevisiting the Classic Studies is a series of texts that introduces readers to the studies in psychology that changed the way we think about core topics in the discipline today. It provokes students to ask more interesting and challenging questions about the field by encouraging a deeper level of engagement both with the details of the studies themselves and with the nature of their contribution. Edited by leading scholars in their field and written by researchers at the cutting edge of these developments, the chapters in each text provide details of the original works and their theoretical and empirical impact, and then discuss the ways in which thinking and research has advanced in the years since the studies were conducted. Cognitive Psychology: Revisiting the Classic Studies traces 14 ground-breaking studies by researchers such as Chomsky, Tulving and Stroop to re-examine and reflect on their findings and engage in a lively discussion of the subsequent work that they have inspired. Suitable for students on cognitive psychology courses at all levels, as well as anyone with an enquiring mind.
650 0 _aCOGNITIVE PSYCHOLOGY
650 3 _aCOGNITION
650 3 _aPSYCHOLOGY
650 3 _aCONGNITIVE SCIENCE - METHODS
700 _aGroome, David
995 _aMEDICAL LIBRARY OPEN ACCESS
_e903773
_FCBU-SCHOOL OF MEDICINE LIBRARY (Ndola)
_I36.00
_jBF 201 Eys
_M1
_UAVAILABLE
_WMar 21, 2017
_y903773
_ZMedical Library Open Access Collection
999 _c31064
_d31064